La interrelación organismo-medio ambiente es coordinada y regulada (Record no. 16075)
[ view plain ]
| 000 -LEADER | |
|---|---|
| campo de control de longitud fija | 01757nam a2200385 a 4500 |
| 003 - IDENTIFICADOR DE NÚMERO DE CONTROL | |
| campo de control | AR-BaBNM |
| 005 - FECHA Y HORA DE LA ÚLTIMA TRANSACCIÓN | |
| campo de control | 20251128210606.0 |
| 008 - DATOS DE LONGITUD FIJA--INFORMACIÓN GENERAL | |
| campo de control de longitud fija | 082120s2002 ||||||||||||||000 | spa|| |
| 020 ## - NÚMERO INTERNACIONAL ESTÁNDAR DEL LIBRO | |
| Número Internacional Estándar del Libro | 84-369-3009-6 |
| 040 ## - FUENTE DE CATALOGACIÓN | |
| Centro/agencia transcriptor | AR-BaBNM |
| 100 1# - ENTRADA PRINCIPAL--NOMBRE DE PERSONA | |
| Nombre de persona | Campuzano Sentí, Natalia |
| 245 00 - MENCIÓN DEL TÍTULO | |
| Título | La interrelación organismo-medio ambiente es coordinada y regulada |
| Resto del título | las funciones de relación |
| 260 ## - PUBLICACIÓN, DISTRIBUCIÓN, ETC. | |
| Lugar de publicación, distribución, etc. | Madrid |
| Nombre del editor, distribuidor, etc. | Ministerio de Educacion y Ciencia (España) |
| -- | Ministerio de Cultura y Educación (Argentina) |
| -- | Ministerio de Educación (Cuba) |
| -- | Ministerio de Educación (Venezuela) |
| -- | Universidad Nacional de Educación a Distancia |
| -- | Universidad Autónoma de Barcelona |
| Fecha de publicación, distribución, etc. | 1997 |
| 300 ## - DESCRIPCIÓN FÍSICA | |
| Extensión | 51 p. |
| Otros detalles físicos | tablas, gráfs. |
| Material acompañante/anejo | video |
| 490 #0 - MENCIÓN DE SERIE | |
| Mención de serie | Curso de formación de profesores de ciencias. VI El cuerpo humano y la salud |
| Designación de volumen o secuencia | v. 2 |
| 500 ## - NOTA GENERAL | |
| Nota general | Este material forma parte del curso de enseñanza a distancia para la Televisión Educativa Iberoamericana. Se compone de 29 unidades didácticas que constan de un material impreso y de un programa audiovisual. Solicitar en MEDIATECA videos de Forciencias |
| 500 ## - NOTA GENERAL | |
| Nota general | Contiene referencias bibliográficas |
| 610 24 - PUNTO DE ACCESO ADICIONAL DE MATERIA--NOMBRE DE ENTIDAD CORPORATIVA | |
| Nombre de entidad corporativa o nombre de jurisdicción como elemento de entrada | Asociación de Televisión Educativa Iberoamericana |
| 650 #4 - PUNTO DE ACCESO ADICIONAL DE MATERIA--TÉRMINO DE MATERIA | |
| Término de materia o nombre geográfico como elemento de entrada | ACTIVIDADES DE APRENDIZAJE |
| 650 #4 - PUNTO DE ACCESO ADICIONAL DE MATERIA--TÉRMINO DE MATERIA | |
| Término de materia o nombre geográfico como elemento de entrada | METODOS DE ENSEÑANZA |
| 650 #4 - PUNTO DE ACCESO ADICIONAL DE MATERIA--TÉRMINO DE MATERIA | |
| Término de materia o nombre geográfico como elemento de entrada | FISIOLOGIA HUMANA |
| 650 #4 - PUNTO DE ACCESO ADICIONAL DE MATERIA--TÉRMINO DE MATERIA | |
| Término de materia o nombre geográfico como elemento de entrada | CUERPO HUMANO |
| 650 #4 - PUNTO DE ACCESO ADICIONAL DE MATERIA--TÉRMINO DE MATERIA | |
| Término de materia o nombre geográfico como elemento de entrada | BIOLOGIA |
| 651 #4 - PUNTO DE ACCESO ADICIONAL DE MATERIA--NOMBRE GEOGRÁFICO | |
| Nombre geográfico | España |
| 653 ## - TÉRMINO DE INDIZACIÓN--NO CONTROLADO | |
| Término no controlado | ENSEÑANZA DE LAS CIENCIAS NATURALES |
| 653 ## - TÉRMINO DE INDIZACIÓN--NO CONTROLADO | |
| Término no controlado | FORMACION DOCENTE CONTINUA |
| 653 ## - TÉRMINO DE INDIZACIÓN--NO CONTROLADO | |
| Término no controlado | TERCER CICLO DE LA EGB |
| 653 ## - TÉRMINO DE INDIZACIÓN--NO CONTROLADO | |
| Término no controlado | SEGUNDO CICLO DE LA EGB |
| 653 ## - TÉRMINO DE INDIZACIÓN--NO CONTROLADO | |
| Término no controlado | EDUCACION SECUNDARIA |
| 653 ## - TÉRMINO DE INDIZACIÓN--NO CONTROLADO | |
| Término no controlado | UNIDADES DIDACTICAS |
| 700 1# - ENTRADA AGREGADA--NOMBRE PERSONAL | |
| Nombre de persona | Hernández Mujica, Jorge L. |
| 700 1# - ENTRADA AGREGADA--NOMBRE PERSONAL | |
| Nombre de persona | Gil Pérez, Daniel |
| Término indicativo de función/relación | revisión |
| 942 ## - ELEMENTOS DE ENTRADA SECUNDARIOS (KOHA) | |
| Tipo de ítem Koha | Libros |
| 998 ## - INFORMACIÓN DE CONTROL LOCAL (RLIN) | |
| Iniciales del catalogador, CIN (RLIN) | Raquel |
| Estatus retirado | Estado de pérdida | Fuente de la clasificación o esquema de estantería | Estado de daño | Restricciones de uso | No para préstamo | Biblioteca de origen | Biblioteca actual | Fecha de adquisición | Total de préstamos | Signatura topográfica completa | Código de barras | Visto por última vez | Precio de reemplazo | Tipo de ítem Koha |
|---|---|---|---|---|---|---|---|---|---|---|---|---|---|---|
| Clasificación Decimal Dewey | Acceso restringido | No para préstamo | Liberty | Liberty | 28/11/2025 | 372.85 CPC-G 2 | 124026 | 28/11/2025 | 28/11/2025 | Libros |